ARRUPE JESUIT UNIVERSITY

CORONAVIRUS -STOP THE SPREAD - CLEAN,DISINFECT,COVER

Transfiguring capitalism : (Record no. 118537)

MARC details
000 -LEADER
fixed length control field 01052cam a2200313Ia 4500
001 - CONTROL NUMBER
control field 6942954
003 - CONTROL NUMBER IDENTIFIER
control field ARRUPE
005 - DATE AND TIME OF LATEST TRANSACTION
control field 20131105174558.0
008 - FIXED-LENGTH DATA ELEMENTS--GENERAL INFORMATION
fixed length control field 080425s2008 enk b 001 0 eng d
020 ## - INTERNATIONAL STANDARD BOOK NUMBER
International Standard Book Number 0334028310
020 ## - INTERNATIONAL STANDARD BOOK NUMBER
International Standard Book Number 9780334028314
024 ## - OTHER STANDARD IDENTIFIER
Standard number or code 40016063074
035 ## - SYSTEM CONTROL NUMBER
System control number (OCoLC)ocn226303383
035 ## - SYSTEM CONTROL NUMBER
System control number (OCoLC)226303383
035 ## - SYSTEM CONTROL NUMBER
System control number (NNC)6942954
040 ## - CATALOGING SOURCE
Original cataloging agency YDXCP
Transcribing agency YDXCP
Modifying agency BTCTA
-- BWK
-- BWX
-- OCLCQ
050 #4 - LIBRARY OF CONGRESS CALL NUMBER
Classification number BR115.C3
Item number A868 2008
300 ## - PHYSICAL DESCRIPTION
Dimensions 24 cm.
100 1# - MAIN ENTRY--PERSONAL NAME
Personal name Atherton, John,
Dates associated with a name 1939-
9 (RLIN) 3361
245 10 - TITLE STATEMENT
Title Transfiguring capitalism :
Remainder of title an enquiry into religion and global change /
Statement of responsibility, etc John Atherton.
260 ## - PUBLICATION, DISTRIBUTION, ETC. (IMPRINT)
Place of publication, distribution, etc London :
Name of publisher, distributor, etc SCM Press,
Date of publication, distribution, etc 2008.
300 ## - PHYSICAL DESCRIPTION
Extent x, 342 p. ;
504 ## - BIBLIOGRAPHY, ETC. NOTE
Bibliography, etc Includes bibliographical references (p. 321-328) and index.
650 #0 - SUBJECT ADDED ENTRY--TOPICAL TERM
Topical term or geographic name as entry element Capitalism
Geographic subdivision Great Britain
General subdivision Religious aspects
-- Christianity.
9 (RLIN) 3362
650 #0 - SUBJECT ADDED ENTRY--TOPICAL TERM
Topical term or geographic name as entry element Globalization
Geographic subdivision Great Britain
General subdivision Religious aspects
-- Christianity.
9 (RLIN) 3363
650 #0 - SUBJECT ADDED ENTRY--TOPICAL TERM
Topical term or geographic name as entry element Social change.
9 (RLIN) 3364
942 ## - ADDED ENTRY ELEMENTS (KOHA)
Source of classification or shelving scheme Library of Congress Classification
Koha item type Monograph ( Printed materials)
948 1# - LOCAL PROCESSING INFORMATION (OCLC); SERIES PART DESIGNATOR (RLIN)
Series part designator, SPT (RLIN) 20081223
b (OCLC) c
c (OCLC) sds12
d (OCLC) MPS
Holdings
Withdrawn status Lost status Source of classification or shelving scheme Damaged status Not for loan Collection code Home library Current library Shelving location Date acquired Total Checkouts Full call number Barcode Date last seen Price effective from Koha item type
    Library of Congress Classification     Main Collection ARRUPE LIBRARY ARRUPE LIBRARY Main Collection 05/11/2013   BR115.C3 A868 2008 46410454 15/11/2016 05/11/2013 Monograph ( Printed materials)

 

Arrupe Library. PO Box MP320 Mt Pleasant, Harare, Zimbabwe
263 242 745411|librarian@aju.ac.zw